000 00551nam a22001811a 4500
001 5457
003 OSt
005 20260204212015.0
008 060124s1977||||pn ||||||b||||||||||spa||
050 _a920 M816e
100 _aMoreno Davis, Julio Cesar
245 _aEsbozo biográfico y pensamiento filosófico de José de la luz y caballero (1800-1862) / Julio Cesar Moreno Davis
264 _aPanamá : Instituto Nacional de la Cultura
300 _a312 p
490 _aColección premio Ricardo Miro
650 _a1.BiografíasÌ
942 _2ddc
_cBK
999 _c5457
_d5457